000 00429nam a2200145Ia 4500
008 100204s9999 xx 000 0 und d
082 _b13236
100 _aरावजी आशू / कानडे दिनू
245 _aसौदा
260 _b"डॉल्फिन लायब्ररी, गोवा"
_c1990
300 _a244
630 _aसौदा
730 _aसौदा
942 _cBOOK
999 _c457668
_d457665